书目信息 |
| 题名: |
动态城市设计
|
|
| 作者: | 豪森 著 ;李洪斌, , 韦梦鹍, 译 | |
| 分册: | ||
| 出版信息: | 北京 中国建筑工业出版社 2017.12 |
|
| 页数: | 345页 | |
| 开本: | 26cm | |
| 丛书名: | ||
| 单 册: | ||
| 中图分类: | TU984.12 | |
| 科图分类: | ||
| 主题词: | 社区--she qu--城市规划--指南 , 社区--she qu--建筑设计--指南 | |
| 电子资源: | ||
| ISBN: | 978-7-112-21135-7 | |
| 000 | 01624nam0 2200313 450 | |
| 001 | 0100000897 | |
| 005 | 20190312092611.87 | |
| 010 | @a978-7-112-21135-7@dCNY78.00 | |
| 100 | @a20171220d2017 em y0chiy50 ea | |
| 101 | 1 | @achi@ceng |
| 102 | @aCN@b110000 | |
| 105 | @aa a 000yy | |
| 200 | 1 | @a动态城市设计@Adong tai cheng shi she ji@e可持续社区的设计指南@f(加) 迈克尔·A·冯·豪森著@g李洪斌, 韦梦鹍译 |
| 210 | @a北京@c中国建筑工业出版社@d2017.12 | |
| 215 | @a345页@c图@d26cm | |
| 312 | @a英文题名取自封面 | |
| 314 | @a迈克尔·A·冯·豪森, MVH城市规划设计公司总裁。李洪斌, 1967年生, 江苏扬州宝应人, 教授级高工。韦梦鹍, 1971年生, 山西高平人, 高级规划师。 | |
| 320 | @a有书目 (第335-344页) | |
| 330 | @a本书为居住在世界各地的人们勾勒了一个灵活性和持续性的社区发展的范式。其读者对象是希望把社会、经济和环境相融合并提升到一个更高发展阶段的专家学者、学生、社区工作者和政治家们。本书提出了综合性和以社区为基础的规划设计过程和战略考虑, 并强调在城市中心区、郊区和农村地区的城市设计实践以及可持续的应用。书中的真实案例, 包括超过200多幅的图表, 有助于读者把相关的经验教训和成果运用到自己的社区中去。 | |
| 500 | 10 | @aDynamic urban design : a handbook for creating sustainable communities worldwide@mChinese |
| 517 | 1 | @a可持续社区的设计指南@Ake chi xu she qu de she ji zhi nan |
| 606 | 0 | @a社区@Ashe qu@x城市规划@j指南 |
| 606 | 0 | @a社区@Ashe qu@x建筑设计@j指南 |
| 690 | @aTU984.12@v5 | |
| 701 | 1 | @a豪森@Ahao sen@g(Hausen, Michael. A. von)@4著 |
| 702 | 0 | @a李洪斌,@Ali hong bin@f1967-@4译 |
| 702 | 0 | @a韦梦鹍,@Awei meng kun@f1971-@4译 |
| 801 | 0 | @aCN@c20180910 |
| 905 | @a河南城建学院图书馆@dTU984.12@eH135 | |
| 动态城市设计:可持续社区的设计指南/(加) 迈克尔·A·冯·豪森著/李洪斌, 韦梦鹍译.-北京:中国建筑工业出版社,2017.12 |
| 345页:图;26cm |
| ISBN 978-7-112-21135-7:CNY78.00 |
| 本书为居住在世界各地的人们勾勒了一个灵活性和持续性的社区发展的范式。其读者对象是希望把社会、经济和环境相融合并提升到一个更高发展阶段的专家学者、学生、社区工作者和政治家们。本书提出了综合性和以社区为基础的规划设计过程和战略考虑, 并强调在城市中心区、郊区和农村地区的城市设计实践以及可持续的应用。书中的真实案例, 包括超过200多幅的图表, 有助于读者把相关的经验教训和成果运用到自己的社区中去。 |
| ● |
| 相关链接 |
|
|
|
正题名:动态城市设计
索取号:TU984.12/H135
 
预约/预借
| 序号 | 登录号 | 条形码 | 馆藏地/架位号 | 状态 | 备注 |
| 1 | 1244727 | 212447271 | 建筑库201/201建筑库 63排2列3层/ [索取号:TU984.12/H135] | 在馆 | |
| 2 | 1399236 | 213992367 | 建筑库201/201建筑库 63排2列3层/ [索取号:TU984.12/H135] | 在馆 | |
| 3 | 1399237 | 213992376 | 建筑库201/201建筑库 63排2列3层/ [索取号:TU984.12/H135] | 在馆 |